Stochastické procesy

Salvato in:
Dettagli Bibliografici
Autore principale: Kořenář, Václav
Ente Autore: Vysoká škola ekonomická v Praze. Fakulta informatiky a statistiky
Natura: Libro
Lingua:ceco
Pubblicazione: Praha Vysoká škola ekonomická v Praze 2002
Soggetti:
Tags: Aggiungi Tag
Nessun Tag, puoi essere il primo ad aggiungerne!!

MARC

LEADER 00000nam$a2200000$$$4500
001 0076322
005 20240311130513.5
020 |a 80-245-0311-5 
041 0 |a cze 
044 |a CZ 
245 1 0 |a Stochastické procesy  |c Václav Kořenář 
264 1 |a Praha  |b Vysoká škola ekonomická v Praze  |c 2002 
300 |a 227 s. 
610 2 0 |a modely stochastické 
610 2 0 |a procesy Markovove 
610 2 0 |a reťazce Markovove 
610 2 0 |a modely zásob 
610 2 0 |a riadenie zásob 
610 2 0 |a teória obsluhy hromadnej 
100 1 |a Kořenář, Václav 
710 2 |a Vysoká škola ekonomická v Praze. Fakulta informatiky a statistiky